[Event "BCF-chT3S 1314 (4NCL)"]
[Site "England"]
[Date "2014.02.16"]
[Round "6.197"]
[White "Perrett, David C"]
[Black "Crombleholme, Alan K"]
[Result "1/2-1/2"]
[WhiteElo "1954"]
[BlackElo "2101"]
[PlyCount "33"]
[EventDate "2013.11.16"]
[EventType "team-swiss"]
[EventRounds "6"]
[EventCountry "ENG"]
[SourceTitle "EXT 2015"]
[Source "ChessBase"]
[SourceDate "2014.11.20"]
[SourceVersion "1"]
[SourceVersionDate "2014.11.20"]
[SourceQuality "1"]
[WhiteTeam "The Full Ponty"]
[BlackTeam "Surbiton"]
[WhiteTeamCountry "ENG"]
[BlackTeamCountry "ENG"]

1. e4 e6 2. d4 d5 3. exd5 exd5 4. Bd3 Nc6 5. c3 Bd6 6. Qf3 Nge7 7. Nh3 Bxh3 8. Qxh3 Qd7 9. Qxd7+ Kxd7 10. Nd2 Rae8 11. 0-0 Ng6 12. g3 Re7 13. Nf3 Rhe8 14. Bg5 f6 15. Bd2 Nf8 16. Kg2 g6 17. Rfe1 1/2-1/2

[Event "BCF-chT3S 1314 (4NCL)"]
[Site "England"]
[Date "2014.01.11"]
[Round "3.158"]
[White "Feavyour, John"]
[Black "Crombleholme, Alan K"]
[Result "1/2-1/2"]
[WhiteElo "2039"]
[BlackElo "2101"]
[PlyCount "62"]
[EventDate "2013.11.16"]
[EventType "team-swiss"]
[EventRounds "6"]
[EventCountry "ENG"]
[SourceTitle "EXT 2015"]
[Source "ChessBase"]
[SourceDate "2014.11.20"]
[SourceVersion "1"]
[SourceVersionDate "2014.11.20"]
[SourceQuality "1"]
[WhiteTeam "Iceni"]
[BlackTeam "Surbiton"]
[WhiteTeamCountry "ENG"]
[BlackTeamCountry "ENG"]

1. d4 Nf6 2. c4 d6 3. Nc3 e5 4. dxe5 dxe5 5. Qxd8+ Kxd8 6. Nf3 Nbd7 7. Ng5 Ke7 8. g3 h6 9. Nf3 c6 10. Bg2 Kd8 11. 0-0 Bd6 12. Rd1 Kc7 13. a3 Re8 14. b4 a5 15. c5 Bf8 16. Bb2 axb4 17. axb4 Rxa1 18. Bxa1 b6 19. Na4 bxc5 20. Nxc5 e4 21. Nxd7 Nxd7 22. Nd2 f5 23. Bc3 Nb6 24. f4 Nd5 25. Be5+ Kb7 26. b5 Be6 27. bxc6+ Kxc6 28. Rc1+ Kd7 29. Bd4 Rc8 30. Rxc8 Kxc8 31. e3 Nb4 1/2-1/2